<?xml version="1.0" encoding="UTF-8"?><collection xmlns="info:lc/xmlns/marcxchange-v2"><record format="Unimarc" type="bibliographic"><leader>00607cam  22002291  450 </leader><controlfield tag="001">1840925</controlfield><controlfield tag="003">http://id.bnportugal.gov.pt/bib/porbase/1840925</controlfield><controlfield tag="005">20030531075800.0</controlfield><datafield ind1=" " ind2=" " tag="010"><subfield code="a">0-7131-2459-8</subfield></datafield><datafield ind1=" " ind2=" " tag="035"><subfield code="6">48934</subfield></datafield><datafield ind1=" " ind2=" " tag="095"><subfield code="a">PTBN00860651</subfield></datafield><datafield ind1=" " ind2=" " tag="100"><subfield code="a">19930305d1974    k  y0pory0103    ba</subfield></datafield><datafield ind1="0" ind2=" " tag="101"><subfield code="a">eng</subfield></datafield><datafield ind1=" " ind2=" " tag="102"><subfield code="a">GB</subfield></datafield><datafield ind1="1" ind2=" " tag="200"><subfield code="a">Introduction to field biology</subfield></datafield><datafield ind1=" " ind2=" " tag="205"><subfield code="a">2nd ed</subfield></datafield><datafield ind1=" " ind2=" " tag="210"><subfield code="a">London</subfield><subfield code="c">Edward Arnold</subfield><subfield code="d">1974</subfield></datafield><datafield ind1=" " ind2=" " tag="215"><subfield code="a">VI, 256 p.</subfield><subfield code="c">il</subfield></datafield><datafield ind1=" " ind2=" " tag="675"><subfield code="a">574</subfield><subfield code="v">BN</subfield><subfield code="z">por</subfield><subfield code="3">288378</subfield></datafield><datafield ind1=" " ind2="1" tag="700"><subfield code="a">Bennett</subfield><subfield code="b">Donald P.</subfield><subfield code="3">599682</subfield></datafield><datafield ind1=" " ind2="1" tag="701"><subfield code="a">Humphries</subfield><subfield code="b">David A.</subfield><subfield code="4">070</subfield><subfield code="3">381160</subfield></datafield><datafield ind1=" " ind2="0" tag="801"><subfield code="a">PT</subfield><subfield code="b">BN</subfield><subfield code="g">RPC</subfield></datafield><datafield ind1=" " ind2=" " tag="977"><subfield code="1">574A.126</subfield><subfield code="2">coop</subfield><subfield code="4">UAVSD</subfield><subfield code="6">mq1045406</subfield><subfield code="7">bc</subfield><subfield code="8">coop</subfield><subfield code="9">UAVSD</subfield><subfield code="b">911</subfield><subfield code="k">0</subfield></datafield><datafield ind1=" " ind2=" " tag="998"><subfield code="a">UAV63-799</subfield></datafield></record></collection>